Tratado compendioso de arqueología y bellas artes (Registro nro. 305911)
[ vista simple ]
| 000 -ENCABEZADO | |
|---|---|
| Número de control [NR] | 02356nam a22002537a 4500 |
| 005 - FECHA Y HORA DE LA ÚLTIMA TRANSACCIÓN | |
| control field | 20170206084841.0 |
| 008 - DE LONGITUD FIJA DE DATOS DE ELEMENTOS - INFORMACIÓN GENERAL | |
| Elementos de longitud fija [NR] | 130821k19201922sp a fr 1 spa |
| 040 ## - FUENTE DE CATALOGACION [NR] | |
| Agencia de catalogación original [NR] | Co-BoUCM |
| Idioma de catalogación [NR] | spa |
| Quien Cataloga | Sandra Yazo |
| Quien Clasifica | Sandra Yazo |
| 041 00 - CODIGO DE IDIOMA [R] | |
| Código de idioma para texto/pista de sonido o título separado [R] | Español |
| 082 04 - NUMERO DE CLASIFICACION DECIMAL DEWEY [R] | |
| Número de clasificación [R] | 700 |
| Número de la edición [NR] | 20 |
| 092 ## - SIGNATURA TOPOGRAFICA LOCAL | |
| Número de clasificación local | E42N020 |
| 100 1# - ASIENTO PRINCIPAL--NOMBRE PERSONAL [NR] | |
| Nombre personal [NR] | Naval y Ayerve, Francisco |
| Fechas asociadas con el nombre [NR] | 1858-1930 |
| ID Autoridad | 83886 |
| 245 10 - MENCION DE TITULO [NR] | |
| Título [NR] | Tratado compendioso de arqueología y bellas artes |
| Mención de responsabilidad, etc. [NR] | Por el P. Francisco Naval y Ayerve |
| 260 ## - PUBLICACION, DISTRIBUCION, ETC. (PIE DE IMPRENTA) [R] | |
| Lugar de publicación, distribución, etc. [R] | Madrid (España) |
| Nombre del editor, distribuidor, etc. [R] | Ruiz Hermanos |
| Fecha de publicación, distribución, etc. [R] | 1920 - 1922 |
| 300 ## - DESCRIPCION FISICA [R] | |
| Extensión [R] | 2 volúmenes (ix, 586 ; vii, [1], 591, [4] páginas) |
| Dimensiones [R] | 20 x 13 cm |
| 500 ## - NOTA GENERAL [R] | |
| Nota general [NR] | Detalles físicos: Encuadernación rígida en cartón duro, forrado en tela texturizada. Lomo con adornos en dorado. Tapas con recuadro en tinta negra, adorno central en dos tintas y datos de publicación en dorado. Guardas. Anteportada. Portadas impresas en una sola tinta, con una fotografía. Dedicatoria en latín al Venerable P. Antonio M. Claret. Texto en una sola columna. Ilustraciones a blanco y negro entre el texto. Notas de pie de página. Índice. Hojas pegadas por la humedad. Tapas manchadas y sucias |
| 505 0# - NOTA DE CONTENIDO CON FORMATO PREESTABLECIDO [R] | |
| Nota de contenido con formato preestablecido [NR] | V.1: Prólogo ; Nociones Preliminares ; Parte I Teórico-artística: El arte y la belleza ; Clasificación de las artes ; Teoría de la Arquitectura ; Elementos arquitectónicos ; Teoría de la escultura ; Teoría de la pintura ; Teoría de la ornamentación y sus elementos ; Parte II Histórico-Artística – Arquitectura: Arquitectura prehistórica ; Arquitectura oriental antigua ; Arquitectura clásica ; Arquitectura cristiana primitiva ; Arquitectura bizantina ; Arquitectura occidental de la Alta Edad Media ; Arquitectura Románica ; Arquitectura ojival ; Arquitectura arábiga ; Arquitectura del Renacimiento ; Arquitectura contemporánea ; Artes figurativas: La escultura en la Historia ; La Pintura en la Historia -- V.2: Parte II (Continuación); Simbología ; Iconología ; Artes suntuarias: Industrias artísticas ; El Mobiliario ; La indumentaria ; Arqueología literaria: Cronología ; Paleografía ; Epigrafía ; Bibliología ; Diplomática ; Sigilografía ; Numismática ; Heráldica ; Apéndices ; Índices |
| 506 ## - NOTA DE RESTRICCIONES DE ACCESO [R] | |
| Condiciones de acceso [NR] | Consulta en sala |
| 650 #7 - ASIENTO SECUNDARIO DE MATERIA - TERMINO TEMATICO [R] | |
| Término temático o nombre geográfico como elemento de entrada [NR] | Arquitectura |
| 9 (RLIN) | 7290 |
| 650 #7 - ASIENTO SECUNDARIO DE MATERIA - TERMINO TEMATICO [R] | |
| Término temático o nombre geográfico como elemento de entrada [NR] | Escultura |
| 9 (RLIN) | 7585 |
| 650 #7 - ASIENTO SECUNDARIO DE MATERIA - TERMINO TEMATICO [R] | |
| Término temático o nombre geográfico como elemento de entrada [NR] | Pintura |
| 9 (RLIN) | 21523 |
| 690 ## - ASUNTO AGREGADO LOCAL DE ENTRADA - TÉRMINO TEMÁTICO (OCLC, RLIN) | |
| Acceso temático local | Arte |
| 9 (RLIN) | 9444 |
| 942 ## - ELEMENTOS DE ENTRADA AGREGADOS (KOHA) | |
| Tipo de ítem principal el descrito en 300a | Libro |
| Edición | 1 |
| Sistema de clasificación | LOCAL |
| Clasificación | E42N020 |
| Suprimido | Perdido | Sistema de clasificación | Dañado | No prestable | Tipo de ítem específico | Ubicación habitual | Ubicación actual | Localización | Fecha de creación | Forma de adquisición | Costo | Volúmen / Fascículo | Total préstamos | Signatura topográfica | Código de barras | Última vez visto | Ejemplar | Price effective from | Tipo de ítem |
|---|---|---|---|---|---|---|---|---|---|---|---|---|---|---|---|---|---|---|---|
| LOCAL | Libro archivo | Archivo Histórico | Archivo Histórico | Archivo histórico | 06/02/2017 | Donación | 0.00 | V.1 | E42N020 | L006119 | 06/02/2017 | Ej.1 | 06/02/2017 | Libro | |||||
| LOCAL | Libro archivo | Archivo Histórico | Archivo Histórico | Archivo histórico | 06/02/2017 | Donación | 0.00 | V.2 | E42N020 | L006120 | 06/02/2017 | Ej.1 | 06/02/2017 | Libro |